000 00529nam a22001817a 4500
005 20251108170926.0
008 250721s1985 xx 000 0 ara d
082 1 4 _a616.9/فؤا
100 1 _aسكر، فؤاد جميل
245 1 0 _aعلم طفيليات البشر /
250 _aط3
264 1 _aبغداد :
_bالمؤسسة العامة للتعليم و التدريب المهني،
_c1985.
300 _a144ص
650 1 7 _aالطفيليات
650 1 7 _aالأمراض
942 _2ddc
_cBK
999 _c52270
_d52270